00477nam a2200157 4500001000700000003000900007005001700016007000300033008004100036100002100077245008500098260004500183300003400228700002500262852003200287148407ES-MaACL20230906202619.0t|070214s1966 sp r ||||1| spa d1 aStraub, Wilhelm.10aCatequesis en dibujos / cWilhelm Straub ; [versión... de José Luis Albizu]. aBarcelona : bHerder, c1966 (fGrafesa) aXX, 126 p. : bil. ; c22 cm.1 aAlbizu, José Luis. aES-MaACLjC-30753 bR.70297